<?xml version="1.0" encoding="UTF-8"?>
<record
    xmlns:xsi="http://www.w3.org/2001/XMLSchema-instance"
    xsi:schemaLocation="http://www.loc.gov/MARC21/slim http://www.loc.gov/standards/marcxml/schema/MARC21slim.xsd"
    xmlns="http://www.loc.gov/MARC21/slim">

  <leader>01497cam a2200349 i 4500</leader>
  <controlfield tag="001">18468681</controlfield>
  <controlfield tag="003">OSt</controlfield>
  <controlfield tag="005">20180829162255.0</controlfield>
  <controlfield tag="008">150120t20162016moua     b    001 0 eng  </controlfield>
  <datafield tag="010" ind1=" " ind2=" ">
    <subfield code="a">  2015002277</subfield>
  </datafield>
  <datafield tag="020" ind1=" " ind2=" ">
    <subfield code="a">9780323287524 (hardcover : alk. paper)</subfield>
  </datafield>
  <datafield tag="020" ind1=" " ind2=" ">
    <subfield code="a">0323287522 (hardcover : alk. paper)</subfield>
  </datafield>
  <datafield tag="035" ind1=" " ind2=" ">
    <subfield code="a">(DNLM)101649832</subfield>
  </datafield>
  <datafield tag="040" ind1=" " ind2=" ">
    <subfield code="a">DNLM/DLC</subfield>
    <subfield code="c">DLC</subfield>
    <subfield code="e">rda</subfield>
    <subfield code="d">DLC</subfield>
  </datafield>
  <datafield tag="042" ind1=" " ind2=" ">
    <subfield code="a">pcc</subfield>
  </datafield>
  <datafield tag="050" ind1="0" ind2="0">
    <subfield code="a">RC271.R3</subfield>
    <subfield code="b">P734 2016</subfield>
  </datafield>
  <datafield tag="060" ind1="1" ind2="0">
    <subfield code="a">QZ 269</subfield>
  </datafield>
  <datafield tag="082" ind1="0" ind2="0">
    <subfield code="a">615.842</subfield>
    <subfield code="2">23</subfield>
    <subfield code="b">PRP</subfield>
  </datafield>
  <datafield tag="245" ind1="0" ind2="0">
    <subfield code="a">Principles and practice of radiation therapy /</subfield>
    <subfield code="c">[edited by] Charles M. Washington, MBA, RT(T), FASRT, Administrator, Radiation Oncology, Memorial Sloan-Kettering Cancer Center, New York, New York, Dennis Leaver, MS, RT(R)(T), FASRT, Professor and Chair, Department of Radiation Therapy, South Maine Community College, South Portland, Maine.</subfield>
  </datafield>
  <datafield tag="246" ind1="1" ind2=" ">
    <subfield code="a">Radiation therapy</subfield>
  </datafield>
  <datafield tag="250" ind1=" " ind2=" ">
    <subfield code="a">Fourth edition.</subfield>
  </datafield>
  <datafield tag="300" ind1=" " ind2=" ">
    <subfield code="a">xvii, 908 pages :</subfield>
    <subfield code="b">illustrations ;</subfield>
    <subfield code="c">29 cm</subfield>
  </datafield>
  <datafield tag="504" ind1=" " ind2=" ">
    <subfield code="a">Includes bibliographical references and index.</subfield>
  </datafield>
  <datafield tag="650" ind1=" " ind2="0">
    <subfield code="a">Cancer</subfield>
    <subfield code="x">Radiotherapy.</subfield>
    <subfield code="9">38288</subfield>
  </datafield>
  <datafield tag="650" ind1="1" ind2="2">
    <subfield code="a">Neoplasms</subfield>
    <subfield code="x">radiotherapy.</subfield>
    <subfield code="9">38289</subfield>
  </datafield>
  <datafield tag="650" ind1="1" ind2="2">
    <subfield code="a">Radiation Oncology</subfield>
    <subfield code="x">methods.</subfield>
    <subfield code="9">64433</subfield>
  </datafield>
  <datafield tag="700" ind1="1" ind2=" ">
    <subfield code="a">Washington, Charles M.,</subfield>
    <subfield code="e">editor.</subfield>
    <subfield code="9">64443</subfield>
  </datafield>
  <datafield tag="700" ind1="1" ind2=" ">
    <subfield code="a">Leaver, Dennis T.,</subfield>
    <subfield code="e">editor.</subfield>
    <subfield code="9">64444</subfield>
  </datafield>
  <datafield tag="906" ind1=" " ind2=" ">
    <subfield code="a">7</subfield>
    <subfield code="b">cbc</subfield>
    <subfield code="c">orignew</subfield>
    <subfield code="d">1</subfield>
    <subfield code="e">ecip</subfield>
    <subfield code="f">20</subfield>
    <subfield code="g">y-gencatlg</subfield>
  </datafield>
  <datafield tag="942" ind1=" " ind2=" ">
    <subfield code="2">ddc</subfield>
    <subfield code="c">BOOK</subfield>
  </datafield>
  <datafield tag="999" ind1=" " ind2=" ">
    <subfield code="c">42654</subfield>
    <subfield code="d">312274</subfield>
  </datafield>
  <datafield tag="952" ind1=" " ind2=" ">
    <subfield code="1">0</subfield>
    <subfield code="2">2018-08-29</subfield>
    <subfield code="4">0</subfield>
    <subfield code="7">0</subfield>
    <subfield code="a">615.842 PRP</subfield>
    <subfield code="d">2018-08-29</subfield>
    <subfield code="h">CL</subfield>
    <subfield code="i">00657434</subfield>
    <subfield code="m">CL</subfield>
    <subfield code="r">2018-08-29 00:00:00</subfield>
    <subfield code="t">BOOK</subfield>
    <subfield code="w">ddc</subfield>
    <subfield code="y">0</subfield>
  </datafield>
  <datafield tag="952" ind1=" " ind2=" ">
    <subfield code="1">0</subfield>
    <subfield code="2">2018-08-29</subfield>
    <subfield code="4">0</subfield>
    <subfield code="7">0</subfield>
    <subfield code="a">615.842 PRP</subfield>
    <subfield code="d">2018-08-29</subfield>
    <subfield code="h">CL</subfield>
    <subfield code="i">00657435</subfield>
    <subfield code="m">CL</subfield>
    <subfield code="o">1</subfield>
    <subfield code="q">2024-11-07</subfield>
    <subfield code="r">2025-09-24 09:47:26</subfield>
    <subfield code="t">BOOK</subfield>
    <subfield code="w">ddc</subfield>
    <subfield code="y">1</subfield>
  </datafield>
  <datafield tag="952" ind1=" " ind2=" ">
    <subfield code="1">0</subfield>
    <subfield code="2">2018-08-29</subfield>
    <subfield code="4">0</subfield>
    <subfield code="7">0</subfield>
    <subfield code="a">615.842 PRP</subfield>
    <subfield code="d">2018-08-29</subfield>
    <subfield code="h">CL</subfield>
    <subfield code="i">00657436</subfield>
    <subfield code="m">CL</subfield>
    <subfield code="r">2018-08-29 00:00:00</subfield>
    <subfield code="t">BOOK</subfield>
    <subfield code="w">ddc</subfield>
    <subfield code="y">0</subfield>
  </datafield>
  <datafield tag="952" ind1=" " ind2=" ">
    <subfield code="1">0</subfield>
    <subfield code="2">2018-09-04</subfield>
    <subfield code="4">0</subfield>
    <subfield code="7">0</subfield>
    <subfield code="a">615.842 PRP</subfield>
    <subfield code="d">2018-09-04</subfield>
    <subfield code="h">AMF</subfield>
    <subfield code="i">00657761</subfield>
    <subfield code="m">AMF</subfield>
    <subfield code="r">2018-09-04 00:00:00</subfield>
    <subfield code="t">BOOK</subfield>
    <subfield code="w">ddc</subfield>
    <subfield code="y">0</subfield>
  </datafield>
  <datafield tag="952" ind1=" " ind2=" ">
    <subfield code="1">0</subfield>
    <subfield code="2">2018-09-04</subfield>
    <subfield code="4">0</subfield>
    <subfield code="7">0</subfield>
    <subfield code="a">615.842 PRP</subfield>
    <subfield code="d">2018-09-04</subfield>
    <subfield code="h">AMF</subfield>
    <subfield code="i">00657762</subfield>
    <subfield code="m">AMF</subfield>
    <subfield code="r">2018-09-04 00:00:00</subfield>
    <subfield code="t">BOOK</subfield>
    <subfield code="w">ddc</subfield>
    <subfield code="y">0</subfield>
  </datafield>
</record>
